000 00585nam a2200229Ia 4500
003 OSt
005 20221005124319.0
006 a|||||r|||| 00| 0
007 ta
008 221004b |||||||| |||| 00| 0 eng d
024 _a57194
037 _cTextual
040 _aCRL
_cCRL
_beng
041 _2eng
_aeng
082 _aU:25375k, K0
245 0 _aMonghyr[district gazetteer
_b1960.] comp.by P.C.Roy Chaudhury
260 _c1960
490 _aBihar district gazetteers
650 _aGEOGRAPHY
942 _hU:25375k, K0
_cTEXL
_2cc
999 _c1050102
_d1050102